000 01728nam a2200445 c 4500
999 _c118575
_d118575
003 BLK
005 20241005005450.0
008 180409b bul|||||r ||||||| ||bul||
010 _aKNG00124179000
040 _aBLK
041 _aDEU
_cDEU
080 _aМузиканти-творци, композитори
_b78.071.1
_x(436)(092)
_z78.071.1(436)(092)
080 _aАвстрийски композитор
_b929 Моцарт, Волфганг Амадеус
_z929 Моцарт, Волфганг Амадеус
100 1 _aSeeger, Horst
_eпърви автор
_9315741
139 _aSeeger, Horst
_bМ 93
_gМ 93 В
245 1 0 _aWolfgang Amadeus Mozart
_cHorst Seeger.
257 _aDEU
260 _bDt. Verl. fur Musik
_c1963
300 _a192 p.
_bill.
_c22 cm
380 _a7
500 _aУказател на творбите ня Моцарт по Кьохел. - Именен показалец.
600 0 _aМоцарт, Волфганг Амадеус
_d1756 - 1791
_9368558
600 0 _aMozart, Wolfgang Amadeus
_d1756 - 1791
_9386874
650 4 _aКомпозитори - биографии
_9246095
651 4 _aАвстрия
_9245450
653 _aВолфганг Амадеус Моцарт
653 _aбиографии
653 _aАвстрия
653 _aкомпозитори
700 _aМоцарт, Волфганг Амадеус
_d1756 - 1791
_9368558
700 _aMozart, Wolfgang Amadeus
_d1756 - 1791
_9386874
852 _aЦб 59227
856 4 _qpdf
856 4 _qpdf
942 _cKNG
_n0
_s1
944 _aCR
_c06.07.2011
_lCRON CRON
_k
944 _aED
_c06.07.2011
_l06.07.2011 - от С1,Р / 06.07.2011
999 _d118575
999 _d118575